000 01089nam a2200229Ia 4500
003 OSt
005 20210423154926.0
008 210310s1991 eu gr 000 0 spa d
020 _a9213230435
040 _aCO-JMCR
_cCO-JMCR
041 0 _aspa
082 0 4 _a350.72 /
_bN124g
_223
110 2 _aNaciones Unidas Departamento de Cooperación Técnica para el Desarrollo
_937110
245 1 3 _aLa gestión de las finanzas públicas en los países menos adelantados /
_cNaciones Unidas
260 _aNueva York :
_bNaciones Unidas,
_c1991
300 _bvi, 254 páginas ;
_c28 cm.
504 _aIncluye bibliografía: p. 249-254
505 0 _aInforme de la reunión del grupo de expertos de las Naciones Unidas sobre la gestión de las finanzas públicas en los países menos adelantados -- La gestión de las finanzas públicas en los países menos adelantados: informe sintético -- Estudios de países
650 1 4 _aHacienda pública
_915348
_xEstudio de casos
_zPaíses en desarrollo
650 2 4 _aGestión financiera
_xEstudio de casos
_zPaíses en desarrollo
_937111
942 _2ddc
_cBK
999 _c7750
_d7750